<?xml version="1.0" encoding="UTF-8"?>
<record
    xmlns:xsi="http://www.w3.org/2001/XMLSchema-instance"
    xsi:schemaLocation="http://www.loc.gov/MARC21/slim http://www.loc.gov/standards/marcxml/schema/MARC21slim.xsd"
    xmlns="http://www.loc.gov/MARC21/slim">

  <leader>00429nam a22001457a 4500</leader>
  <controlfield tag="005">20240812171414.0</controlfield>
  <controlfield tag="008">240812b        |||||||| |||| 00| 0 eng d</controlfield>
  <datafield tag="041" ind1=" " ind2=" ">
    <subfield code="a">eng</subfield>
  </datafield>
  <datafield tag="082" ind1=" " ind2=" ">
    <subfield code="b">LIM</subfield>
  </datafield>
  <datafield tag="100" ind1=" " ind2=" ">
    <subfield code="a">Limaye himani- 2K221106 &amp; Dr. Ganesh Lotke-Guide </subfield>
    <subfield code="9">208238</subfield>
  </datafield>
  <datafield tag="245" ind1=" " ind2=" ">
    <subfield code="a">Vendor Analysis, Evaluation and rating of Selected Vendors at Slimline Hydrotek</subfield>
  </datafield>
  <datafield tag="260" ind1=" " ind2=" ">
    <subfield code="a">Pune </subfield>
    <subfield code="b">SPPU </subfield>
    <subfield code="c">March-2024</subfield>
  </datafield>
  <datafield tag="300" ind1=" " ind2=" ">
    <subfield code="a">61p</subfield>
  </datafield>
  <datafield tag="942" ind1=" " ind2=" ">
    <subfield code="c">PR</subfield>
  </datafield>
  <datafield tag="999" ind1=" " ind2=" ">
    <subfield code="c">359476</subfield>
    <subfield code="d">359476</subfield>
  </datafield>
  <datafield tag="952" ind1=" " ind2=" ">
    <subfield code="0">0</subfield>
    <subfield code="1">0</subfield>
    <subfield code="2">ddc</subfield>
    <subfield code="4">0</subfield>
    <subfield code="7">0</subfield>
    <subfield code="a">HIMR</subfield>
    <subfield code="b">HIMR</subfield>
    <subfield code="d">2024-03-26</subfield>
    <subfield code="e">HNIMR</subfield>
    <subfield code="l">0</subfield>
    <subfield code="o">LIM</subfield>
    <subfield code="p">HIMR-PR-822</subfield>
    <subfield code="r">2024-08-12 00:00:00</subfield>
    <subfield code="w">2024-08-12</subfield>
    <subfield code="y">PR</subfield>
    <subfield code="z">PR0822</subfield>
  </datafield>
</record>
